000 00526nam a2200181Ia 4500
008 090124s9999 xx 000 0 und d
082 _b36067
100 _aशेख मलिका अमर
245 _a महानगर
250 _a1
260 _bआंबेडकर प्रबोधिनी
_c1999
300 _a88
600 _aशेख मलिका अमर
630 _a महानगर
700 _aशेख मलिका अमर
730 _a महानगर
942 _cBOOK
999 _c102061
_d102061